Microsoft Word 2000 : langkah demi langkah

Bibliographic Details
Main Author: Palani Murugappan
Format: Book
Published: Kuala Lumpur : Venton Pub. , 2000
Subjects:

MARC

LEADER 00000cam a2200000 7i4500
001 0000003155
005 20050308.0
020 0 0 |a 9832031125 
090 0 0 |a 652.55369   |b PAL 
100 0 0 |a Palani Murugappan 
245 0 0 |a Microsoft Word 2000 :   |b langkah demi langkah   |c oleh Palani Murugappan 
260 0 0 |a Kuala Lumpur :   |b Venton Pub. ,   |c 2000 
300 |a viii, 268ms. :   |b il. ;   |c 26cm. 
650 0 0 |a Word processing 
740 0 0 |a Microsoft Word two thousand: langkah demi langkah 
999 |a 0000005539   |b Monograph   |c Open Shelf   |e Default branch